Historia de la Colonia Libertad /

Estudio social e histórico de la fundación de la colonia Libertad en la ciudad de Tijuana, Baja California, hacia la década de los años 1920, con la finalidad de rescatar, por un lado, la microhistoria, pero también para refrendar la identidad mexicana y el orgullo de los habitantes de esta ciudad f...

Celý popis

Uloženo v:
Podrobná bibliografie
Hlavní autor: Bustamante Fernández, Jorge A. (autor)
Médium: Kniha
Jazyk:španělština
Vydáno: Tijuana, México : Centro de Estudios Fronterizos del Norte de México, 1986, c1986
Edice:(Cuadernos CEFNOMEX)
Témata:
Tagy: Přidat tag
Žádné tagy, Buďte první, kdo vytvoří štítek k tomuto záznamu!

MARC

LEADER 00000nam^a2200000^a^4500
001 000187383
005 20250521000000.0
009 20260526130517.069
020 |a 968-6075-12-7 
037 |a Acervo ITESO - Biblioteca 
041 |a ESP 
082 |a 972. 238062  |b BUS 
100 |a Bustamante Fernández, Jorge A.  |e (autor) 
245 1 0 |a Historia de la Colonia Libertad /  |c J.A. Bustamante Fernández. 
264 4 |a Tijuana, México :  |b Centro de Estudios Fronterizos del Norte de México,  |c 1986, c1986 
300 |a 23 p. 
336 |a texto  |b txt  |2 rdacontenido 
337 |a sin mediación  |b n  |2 rdamedio 
338 |a volumen  |b nc  |2 rdasoporte 
440 1 |a (Cuadernos CEFNOMEX) 
520 |a Estudio social e histórico de la fundación de la colonia Libertad en la ciudad de Tijuana, Baja California, hacia la década de los años 1920, con la finalidad de rescatar, por un lado, la microhistoria, pero también para refrendar la identidad mexicana y el orgullo de los habitantes de esta ciudad fronteriza. La particularidad de esta colonia consiste en que fue creada en el marco de la lucha por los derechos civiles de los obreros mexicanos residentes en Tijuana. 
649 |a XX 
650 |a Obreros Mexicanos -  |z Tijuana, Baja California (Norte) -  |x Condiciones Laborales 
650 |a Obreros Mexicanos -  |z Tijuana, Baja California (Norte) -  |x Condiciones Sociales y Culturales 
650 |a Identidad Cultural -  |z Tijuana, Baja California (Norte) 
650 |a Identidad Nacional -  |z Tijuana, Baja California (Norte) 
650 |a Barrios -  |z Tijuana, Baja California (Norte) -  |x Historia 
650 |a Zonas Urbanas -  |z Tijuana, Baja California (Norte) -  |x Historia 
650 |a Desarrollo Urbano -  |z Tijuana, Baja California (Norte) -  |x Historia 
650 |a Cultura Urbana -  |z Tijuana, Baja California (Norte) -  |x Historia 
650 |a México (Frontera Norte) -  |x Condiciones Sociales y Culturales 
650 |a México (Frontera Norte) -  |x Historia 
650 |a Urbanismo -  |z Tijuana, Baja California (Norte) -  |x Historia 
650 |a Urbanismo -  |z Baja California (Norte) -  |x Historia 
650 |a Urbanismo -  |z México -  |x Historia 
650 |a Tijuana, Baja California (Norte) -  |x Condiciones Sociales y Culturales 
650 |a Baja California (Norte) -  |x Condiciones Sociales y Culturales 
650 |a México -  |x Condiciones Sociales y Culturales 
650 |a Tijuana, Baja California (Norte) -  |x Historia -  |y 1910-1946 
650 |a Baja California (Norte) -  |x Historia -  |y 1910-1946 
650 |a México -  |x Historia -  |y 1910-1946 
650 |a Tijuana, Baja California (Norte) -  |x Historia -  |y Siglo XX 
650 |a Baja California (Norte) -  |x Historia -  |y Siglo XX 
650 |a México -  |x Historia -  |y Siglo XX 
650 |a Tijuana, Baja California (Norte) -  |x Descripción 
650 |a Baja California (Norte) -  |x Descripción 
650 |a México -  |x Descripción 
910 |a Fondo General 
920 |a Impresos - Libros 
930 |a Colección General 
905 |a 101 
901 |a 0500129697  |b IT1  |c ACC  |u 20250521 
902 |a https://opac.biblio.iteso.mx/vufind/Record/000187383